Statistics for Rock Bands (by Picture)

Click here to take the quiz!

General Stats

  • This quiz has been taken 1,275 times
    (1,271 since last reset)
  • The average score is 10 of 20

Answer Stats

Answer% Correct
The Beatles
100%
Green Day
80%
The Rolling Stones
76%
The Doors
73%
Metallica
72%
Foo Fighters
66%
The White Stripes
64%
Nirvana
56%
Oasis
52%
U2
45%
Led Zeppelin
44%
Red Hot Chili Peppers
44%
Pink Floyd
36%
Rage Against the Machine
36%
Smashing Pumpkins
36%
Radiohead
23%
Weezer
23%
Rush
20%
Pixies
12%
Tool
8%

Score Distribution

Percentile by Number Answered

Percent of People with Each Score

Your Score History

You have not taken this quiz since the last reset